000 00849cam a2200277 a 4500
001 13080978
005 20180315045504.0
008 030204s2004 maua 001 0 eng d
010 _a 2003101702
020 _a0312411235
020 _a0312401159 (pbk.)
035 _a(NjP)4074378
035 _a(CStRLIN)NJPGV4074378-B
040 _aYOU
_cYOU
_dNjP
_dDLC
041 _aeng
042 _alccopycat
080 _a781.17 JOS
082 0 0 _a781.17 JOS
_220
100 1 _a45
101 _aMUZ
245 1 0 _aListen /
_cJoseph Kerman ; Gary Tomlinson ; with Vivian Kerman.
246 1 _iTitle on accompanying CD-ROM:
_aStudy guide CD-ROM, a multimedia companion for Listen
906 _a7
_bcbc
_ccopycat
_d3
_eepcn
_f20
_gy-genmusic
942 _2ddc
_cBK
999 _c45086
_d45086